01327nam a2200229 a 450000100100000000500170001000800410002704000250006808200180009311000560011124500840016724600280025126000560027930000350033561000860037095201300045695201300058695201300071695201150084695201210096199900150108200000506620200929151553.0090729s1969 dr ac 001 0 spa d aDO-SdBNPbspacBNPHU a340.02bE795r1 aInstituto Dominicano de Ciencias Jurídicas91455810aEstatutos y reglamentos :bdiscurso de inguración del Dr. Carlos Cornielle /.13aEstatutos y reglamentos aSanto Domingo. :bHorizontes de América,c[1969]. a62 p. :bil., retrs. ;c21 cm.2 aINSTITUTO DOMINICANO DE CIENCIAS JURÍDICASxESTATUTOS, REGLAMENTOS, ETC.914559 001054708DSaGRbGRcHDd2009-07-29iLF1l0o340.02 E795rp5066-30r2020-06-25te. 3w2020-06-25yLFDSZPréstamo en sala 001054708DSaGRbGRcHDd2009-07-29iLF1l0o340.02 E795rp5066-40r2020-06-25te. 4w2020-06-25yLFDSZPréstamo en sala 001054708DSaGRbGRcHDd2009-07-29iLF1l0o340.02 E795rp5066-50r2020-06-25te. 5w2020-06-25yLFDSZPréstamo en sala 0010718PDaPDbPDcHDd2009-07-29iLF1l0o340.02 E795rp5066-10r2020-06-25w2020-06-25yLFPDZNo se presta 0010718PDaPDbPDcHDd2009-07-29iLF1l0o340.02 E795rp5066-20r2020-06-25te. 2w2020-06-25yLFPDZNo se presta c4870d4870